[Event "Rosmalen Calder Cup Elite"]
[Site "Rosmalen"]
[Date "2014.06.28"]
[Round "8"]
[White "Fridman, Daniel"]
[Black "Giri, Anish"]
[Result "1/2-1/2"]
[WhiteElo "2627"]
[BlackElo "2752"]
[PlyCount "48"]
[EventDate "2014.06.28"]
[EventType "tourn (rapid)"]
[EventRounds "12"]
[EventCountry "NED"]
[EventCategory "17"]
[SourceTitle "CBM 161 Extra"]
[Source "ChessBase"]
[SourceDate "2014.08.29"]
[SourceVersion "1"]
[SourceVersionDate "2014.08.29"]
[SourceQuality "1"]

1. d4 Nf6 2. c4 g6 3. Nc3 d5 4. cxd5 Nxd5 5. Bd2 Nb6 6. Bg5 Bg7 7. Nf3 h6 8.
Bh4 c5 9. e3 cxd4 10. Nxd4 Bd7 11. Bb5 O-O 12. O-O Bxb5 13. Ndxb5 Nc6 14. Qb3
Qd3 15. Nxa7 Rxa7 16. Qxb6 Bxc3 17. bxc3 g5 18. Bg3 Qxc3 19. Rfd1 Rfa8 20. h3
Rxa2 21. Rxa2 Rxa2 22. Qxb7 Ra1 23. Rxa1 Qxa1+ 24. Kh2 Qf6 1/2-1/2

[Event "Rosmalen Calder Cup Elite"]
[Site "Rosmalen"]
[Date "2014.06.28"]
[Round "9"]
[White "Giri, Anish"]
[Black "Kasimdzhanov, Rustam"]
[Result "1/2-1/2"]
[WhiteElo "2752"]
[BlackElo "2700"]
[PlyCount "79"]
[EventDate "2014.06.28"]
[EventType "tourn (rapid)"]
[EventRounds "12"]
[EventCountry "NED"]
[EventCategory "17"]
[SourceTitle "CBM 161 Extra"]
[Source "ChessBase"]
[SourceDate "2014.08.29"]
[SourceVersion "1"]
[SourceVersionDate "2014.08.29"]
[SourceQuality "1"]

1. d4 g6 2. c4 Bg7 3. g3 e6 4. Nf3 d5 5. Bg2 Ne7 6. O-O O-O 7. Qc2 Nbc6 8. Rd1
b6 9. e3 Bb7 10. b3 Nb4 11. Qe2 c5 12. Bb2 dxc4 13. bxc4 cxd4 14. exd4 Nf5 15.
d5 exd5 16. Bxg7 Nxg7 17. Nc3 Qf6 18. Qe5 Nh5 19. Rab1 d4 20. Qxd4 Qxd4 21.
Nxd4 Bxg2 22. Kxg2 Na6 23. Nd5 Kg7 24. Nb5 Rfd8 25. g4 Nf6 26. Nxf6 Rxd1 27.
Rxd1 Kxf6 28. Rd7 Nc5 29. Rxa7 Rxa7 30. Nxa7 Ke5 31. Nc8 Nd7 32. Kg3 f6 33. h4
Kd4 34. h5 Kxc4 35. hxg6 hxg6 36. g5 fxg5 37. Kg4 Kb4 38. Kxg5 Ka3 39. Nxb6
Nxb6 40. Kxg6 1/2-1/2

[Event "Rosmalen Calder Cup Elite"]
[Site "Rosmalen"]
[Date "2014.06.28"]
[Round "10"]
[White "Giri, Anish"]
[Black "Bok, Benjamin"]
[Result "1-0"]
[WhiteElo "2752"]
[BlackElo "2591"]
[PlyCount "103"]
[EventDate "2014.06.28"]
[EventType "tourn (rapid)"]
[EventRounds "12"]
[EventCountry "NED"]
[EventCategory "17"]
[SourceTitle "CBM 161 Extra"]
[Source "ChessBase"]
[SourceDate "2014.08.29"]
[SourceVersion "1"]
[SourceVersionDate "2014.08.29"]
[SourceQuality "1"]

1. d4 Nf6 2. c4 g6 3. Nc3 d5 4. cxd5 Nxd5 5. e4 Nxc3 6. bxc3 Bg7 7. Be3 c5 8.
Rc1 Qa5 9. Qd2 cxd4 10. cxd4 Qxd2+ 11. Bxd2 O-O 12. Nf3 e6 13. Bb5 Bd7 14. Bxd7
Nxd7 15. Ke2 Rac8 16. a4 Rfd8 17. a5 e5 18. Rxc8 Rxc8 19. Rb1 exd4 20. Rxb7 Nc5
21. Rxa7 d3+ 22. Ke1 Rb8 23. Kf1 Nxe4 24. Be1 Bc3 25. Bxc3 Nxc3 26. Rd7 Rb1+
27. Ne1 Ra1 28. Rxd3 Nb5 29. Rd5 Na3 30. Rc5 Rb1 31. a6 Nb5 32. Rc8+ Kg7 33.
Rb8 Ra1 34. Rxb5 Rxa6 35. g3 Ra1 36. Re5 Kf6 37. Re3 h6 38. Kg2 Ra5 39. Nd3 Rb5
40. h4 Ra5 41. Nf4 Rb5 42. Rd3 Ra5 43. Rd6+ Kg7 44. Rd5 Ra6 45. Rb5 Rd6 46. g4
Rd4 47. Kg3 Ra4 48. Rb7 Ra3+ 49. f3 Ra5 50. h5 g5 51. Ne6+ Kg8 52. Nd4 1-0

[Event "Rosmalen Calder Cup Elite"]
[Site "Rosmalen"]
[Date "2014.06.28"]
[Round "11"]
[White "Giri, Anish"]
[Black "Fridman, Daniel"]
[Result "1/2-1/2"]
[WhiteElo "2752"]
[BlackElo "2627"]
[PlyCount "89"]
[EventDate "2014.06.28"]
[EventType "tourn (rapid)"]
[EventRounds "12"]
[EventCountry "NED"]
[EventCategory "17"]
[SourceTitle "CBM 161 Extra"]
[Source "ChessBase"]
[SourceDate "2014.08.29"]
[SourceVersion "1"]
[SourceVersionDate "2014.08.29"]
[SourceQuality "1"]

1. d4 d5 2. c4 e6 3. Nf3 c6 4. Nc3 Nf6 5. e3 a6 6. Qc2 c5 7. cxd5 exd5 8. Be2
Be6 9. O-O Nc6 10. Rd1 Nb4 11. Qd2 Ne4 12. Nxe4 dxe4 13. Ne5 cxd4 14. exd4 f6
15. Nc4 Rc8 16. b3 Nd5 17. Ba3 Bxa3 18. Nxa3 b5 19. Nc2 O-O 20. Bf1 f5 21. Re1
Qc7 22. Nb4 Qa5 23. a3 Rfd8 24. Red1 Qb6 25. Nxd5 Rxd5 26. a4 Rcd8 27. axb5
Rxd4 28. Qe1 Rxd1 29. Rxd1 Rxd1 30. Qxd1 axb5 31. b4 h6 32. Qc1 Bd7 33. Qc3 Qd6
34. g3 Qd1 35. Qe5 Kh7 36. Kg2 Qf3+ 37. Kg1 Bc6 38. Be2 Qxe2 39. Qxf5+ Kg8 40.
Qe6+ Kf8 41. Qd6+ Kf7 42. Qc7+ Kf8 43. Qd6+ Kg8 44. Qe6+ Kh8 45. Qc8+ 1/2-1/2

[Event "Rosmalen Calder Cup Elite"]
[Site "Rosmalen"]
[Date "2014.06.28"]
[Round "12"]
[White "Kasimdzhanov, Rustam"]
[Black "Giri, Anish"]
[Result "0-1"]
[WhiteElo "2700"]
[BlackElo "2752"]
[PlyCount "50"]
[EventDate "2014.06.28"]
[EventType "tourn (rapid)"]
[EventRounds "12"]
[EventCountry "NED"]
[EventCategory "17"]
[SourceTitle "CBM 161 Extra"]
[Source "ChessBase"]
[SourceDate "2014.08.29"]
[SourceVersion "1"]
[SourceVersionDate "2014.08.29"]
[SourceQuality "1"]

1. e4 e5 2. Nf3 Nc6 3. Bb5 Nf6 4. d3 Bc5 5. c3 O-O 6. O-O d6 7. Nbd2 Ne7 8. Ba4
Ng6 9. d4 Bb6 10. Bc2 c6 11. h3 exd4 12. cxd4 d5 13. e5 Nh5 14. Re1 Nhf4 15.
Nf1 f6 16. Bxf4 Nxf4 17. Qd2 fxe5 18. Rxe5 Qf6 19. Re3 Be6 20. Rae1 Rae8 21.
Ng3 c5 22. Ne5 cxd4 23. Rf3 Qg5 24. Qb4 d3 25. Bxd3 Nxh3+ 0-1

[Event "Olympiad-41"]
[Site "Tromsoe"]
[Date "2014.08.05"]
[Round "4.1"]
[White "Giri, Anish"]
[Black "Gelfand, Boris"]
[Result "1-0"]
[WhiteElo "2745"]
[BlackElo "2753"]
[Annotator "Krasenkow,M"]
[PlyCount "159"]
[EventDate "2014.08.02"]
[EventType "team-swiss"]
[EventRounds "11"]
[EventCountry "NOR"]
[SourceTitle "CBM 162"]
[Source "ChessBase"]
[SourceDate "2014.09.17"]
[SourceVersion "1"]
[SourceVersionDate "2014.09.17"]
[SourceQuality "1"]
[WhiteTeam "Netherlands"]
[BlackTeam "Israel"]
[WhiteTeamCountry "NED"]
[BlackTeamCountry "ISR"]

1. d4 Nf6 2. c4 g6 3. f3 d5 4. cxd5 Nxd5 5. e4 Nb6 6. Nc3 Bg7 7. Be3 O-O 8. Qd2
Nc6 9. O-O-O Qd6 10. Nb5 Qd7 11. Kb1 Rd8 12. d5 a6 13. Nc3 Na5 {This line was
examined in annotations to Carlsen-Caruana - see CBM 161.} 14. Qc1 (14. Bd4 e5
15. Bf2 Nbc4 16. Qc1 b5 17. Bxc4 Nxc4 18. h4 a5 19. h5 b4 20. Nce2 Ba6 $132 {
1/2 (38) Kaufman,L (2329)-Leon Magallanes,I (2127) Arlington USA 2014}) 14...
Qd6 (14... Nbc4 $5 {may be also enough to achieve sufficient counterplay:} 15.
Bd4 (15. Bxc4 Nxc4 16. Bd4 Bxd4 17. Rxd4 b5 18. Nge2 Qd6) 15... Bxd4 16. Rxd4
b5 17. Rd1 (17. Bxc4 {is now met with an intermediate} c5 $1) 17... Qd6 18.
Bxc4 Nxc4 19. Nge2 (19. h4 h5) 19... b4 $1 (19... Qf6 $143 20. h4 {1/2 (51)
Plichta,K (2257)-Schmidt,W (2345) Poznan POL 2014}) 20. Na4 Bd7 21. Qxc4 Bxa4
$36) 15. h4 Qb4 {Unexpectedly, this move proves rather senseless.} (15... Nac4
$1 $132) 16. h5 Nac4 17. hxg6 (17. Bxc4 Nxc4 18. Nge2 {may be a more accurate
move order.}) 17... hxg6 (17... Bxc3 $5 18. gxh7+ Kh8 19. Bxb6 Bxb2 (19... Nxb2
$6 20. Qxc3+ Qxc3 21. Bd4+ f6 22. Bxc3 Nxd1 23. Bb4) 20. Qxc4 Qxb6 21. Qb3 Qxb3
22. axb3 Bg7 {- this endgame is hard to evaluate; Black's bishop pair is quite
strong but White's h7-pawn should not be underestimated.}) 18. Bxc4 Nxc4 19.
Nge2 {[%cal Ye3h6]} Nxe3 20. Qxe3 {Now Black's bishop pair is compensated for
by White's threats along the h-file.} Qb6 $1 {[%mdl 32] Of course, the
exchange of queens is favourable for Black as his king becomes safe; that's
why White avoids it.} 21. Qg5 (21. Nd4 e5 $1) 21... Qf6 22. Qg3 b5 (22... Qd6
$5 23. Qh4 b5) 23. Nd4 (23. Qxc7 Bd7 {- Black should have good compensation
for the pawn.}) 23... b4 24. Na4 (24. Nce2 a5 {[%cal Yc8a6]}) 24... Bd7 $6 (
24... Qd6 $142 {(preventing Na4-c5)} 25. Qxd6 (25. Qh4 Bd7) 25... exd6 26. Nc6
Re8 27. Nxb4 f5 $44) 25. Nc5 Qb6 (25... Qd6 26. Qxd6 cxd6 27. Nxd7 Rxd7 28. Nc6
{[%csl Gc6] now leads to a favourable position for White as his c6 knight
dominates the queenside. The text move yields White the same benefit but keeps
the queens on the board: Black aims to mount a counter-attack against White's
king. However, this plan doesn't succeed.}) 26. Nxd7 Rxd7 27. Nc6 b3 28. a3 (
28. axb3 Qxb3 29. Rd2 e6 $132) 28... Qc5 29. Rc1 Qe3 30. Qe1 Qd3+ 31. Ka1 e6
32. dxe6 fxe6 33. e5 {[%csl Rg7]} g5 (33... Kf7 $142 34. Rc3 Qd5) 34. Rd1 $6 (
34. Rc3 $142 $1 Qd5 35. Qg3 {[%csl Rg5]} Qd1+ 36. Rc1 Qd2 37. f4 Qxf4 38. Qxb3
Re8 39. Rcd1 {with full domination. The simplifying text move may be
insufficient for a win.}) 34... Qxd1+ 35. Qxd1 Rxd1+ 36. Rxd1 {[%mdl 4096]} a5
$1 (36... Kf7 37. Rd3 Rh8 38. Rxb3 Rh1+ 39. Ka2 Re1 40. Rb7 Bxe5 41. Nxe5+ Rxe5
42. Rxc7+ Kf6 43. Kb3 {should be winning for White}) 37. Rd8+ (37. Rd7 a4 38.
Rxc7 Kh7 {is unclear, e.g.} 39. Kb1 Kg6 40. Kc1 Rf8 {[%cal Yg5g4]}) 37... Rxd8
38. Nxd8 a4 39. Nxe6 Bxe5 40. Nxg5 Bd4 41. f4 Be3 42. g3 Kg7 $2 {Black
neglects his c7-pawn, which proves crucial.} ({After} 42... c6 43. Ne4 Bd4 {
White can't bring his king into play and I don't see a way for him to make
progress. The pawn ending after} 44. Nc3 Bxc3 45. bxc3 {is obviously drawn.})
43. Ne6+ Kf6 44. Nxc7 Kf5 45. Nd5 Bf2 (45... Bd4 46. Nc3 Bxc3 47. bxc3 {
is now winning for White due to his passed c3-pawn.}) 46. Nc3 Bxg3 47. Nxa4 {
[%cal Ra4c5]} Bf2 48. Nc3 Kxf4 49. Ne2+ Ke4 50. Nc1 Kd4 51. Nxb3+ {The rest is
an easy technical task.} Kc4 52. Nc1 Bc5 53. Kb1 Kb5 54. Ne2 Be7 55. Nc3+ Kc4
56. Kc2 Bf8 57. Nb1 Be7 58. Nd2+ Kb5 59. Kb3 Bf8 60. Ne4 Bg7 61. Nc3+ Kc5 62.
Kc2 Kc4 63. b3+ Kd4 64. b4 Kc4 65. Nd1 Bf6 66. Nb2+ Kd5 67. Kb3 Bd4 68. a4 Kc6
69. Nd1 Bg1 70. Kc4 Kb6 71. Nc3 Bf2 72. Ne4 Bh4 73. Nc5 Bg5 74. Ne6 Bh4 75. a5+
Ka6 76. Nc5+ Ka7 77. b5 Bd8 78. Kb4 Bc7 79. Ka4 Bd8 80. Ne6 1-0

[Event "NED-chT 1415"]
[Site "Netherlands"]
[Date "2015.04.11"]
[Round "8.2"]
[White "Fridman, Daniel"]
[Black "Giri, Anish"]
[Result "1/2-1/2"]
[WhiteElo "2648"]
[BlackElo "2790"]
[PlyCount "73"]
[EventDate "2014.09.27"]
[EventType "team-tourn"]
[EventRounds "9"]
[EventCountry "NED"]
[SourceTitle "EXT 2016"]
[Source "ChessBase"]
[SourceDate "2015.10.08"]
[SourceVersion "1"]
[SourceVersionDate "2015.10.08"]
[SourceQuality "1"]
[WhiteTeam "Calder HMC"]
[BlackTeam "En Passant"]
[WhiteTeamCountry "NED"]
[BlackTeamCountry "NED"]

1. d4 Nf6 2. c4 g6 3. Nf3 Bg7 4. g3 b6 5. Bg2 Bb7 6. O-O O-O 7. Nc3 Ne4 8. Qd3
Nxc3 9. Qxc3 c5 10. Be3 d6 11. Qd2 e5 12. d5 Nd7 13. Ng5 Nf6 14. Ne4 Nxe4 15.
Bxe4 f5 16. Bg2 Qf6 17. Bg5 Qf7 18. Bh6 Bxh6 19. Qxh6 f4 20. Bh3 Bc8 21. a4
Bxh3 22. Qxh3 Rae8 23. a5 Rb8 24. Qe6 Qxe6 25. dxe6 Rfe8 26. axb6 axb6 27. Rfd1
Rxe6 28. Ra7 b5 29. b3 bxc4 30. bxc4 Rb4 31. Rd7 Rf6 32. R1xd6 Rxd6 33. Rxd6
Rxc4 34. Rd5 fxg3 35. fxg3 e4 36. Kf2 h5 37. Rd7 1/2-1/2

[Event "Tashkent FIDE GP"]
[Site "Tashkent"]
[Date "2014.11.01"]
[Round "10"]
[White "Giri, Anish"]
[Black "Jobava, Baadur"]
[Result "1/2-1/2"]
[WhiteElo "2768"]
[BlackElo "2717"]
[Annotator "Szabo,Kr"]
[PlyCount "138"]
[EventDate "2014.10.21"]
[EventType "tourn"]
[EventRounds "11"]
[EventCountry "UZB"]
[EventCategory "21"]
[SourceTitle "CBM 163"]
[Source "ChessBase"]
[SourceDate "2014.11.11"]
[SourceVersion "1"]
[SourceVersionDate "2014.11.11"]
[SourceQuality "1"]

1. Nf3 c5 2. c4 Nc6 3. d4 cxd4 4. Nxd4 e5 5. Nb5 d6 6. N1c3 a6 7. Na3 Be6 {
This variation is similar to the Kalashnikov Sicilian, but in this case White
does not have to go e4, weakening his d4 square, so he can develop his bishop
to g2. However Black hasn't yet put his knight on f6, so can play the
immediate ...f5.} 8. g3 f5 9. Bg2 Nf6 10. O-O Be7 11. e4 fxe4 $146 {A logical
novelty by Jobava.} (11... O-O 12. exf5 Bxf5 13. Nc2 Qd7 14. Ne3 Bh3 {
(Gajovic-Cvetanovic, Paracin 2011)} 15. Ned5 $1 Bxg2 16. Kxg2 $14 {and White
is slightly better, because he controls the important light squares.}) 12. Nxe4
O-O 13. b3 {White protects the c4-pawn, so he is ready to come back with his
a3-knight.} Kh8 {A typical prophylactic move. The king goes off the a2-g8
diagonal and he can play Bg4, because Nxf6 is not a check.} 14. Nc2 Bg4 15. Qd2
(15. Qd3 $5 {was more attractive for me, because the queen controls the
f3-square too.}) 15... Qd7 16. Bb2 (16. Ba3 $5 {was the alternative place for
the bishop.}) 16... Nxe4 17. Bxe4 Bf3 {Black immediately occupies the
f3-square and he prepares for Qg4. On the other hand he can't keep the
f3-square for a long time, because White will play for Rae1-e3.} 18. Qd5 Qg4 ({
Probably} 18... Bxe4 $142 {was more accurate,} 19. Qxe4 Bd8 {followed by Bb6
and Black is also activate his bishop.}) 19. Rae1 $14 {White's position is
slightly better, because he keeps the important e4- and d5-squares and he is
ready to play for Re3.} Qh5 ({In the event of} 19... Rf6 20. Bxf3 Rxf3 ({
The endgame with} 20... Qxf3 21. Qxf3 Rxf3 22. Ne3 $16 {is clearly better for
White.}) 21. Ne3 Qh5 22. Qe4 Raf8 23. Nd5 Bd8 (23... Bg5 24. Ba3) 24. Re3 $14 {
and White looks nicely placed.}) 20. Re3 {A very logical move, but White
missed a nice tactic.} (20. Bxf3 $1 Rxf3 21. Nb4 $1 {This is the point!} Rc8 (
21... Nxb4 22. Qxb7 $16 {and White gains back the piece.}) 22. Qe4 $1 $16 {
followed by Nd5 and White is better.}) 20... Bxe4 21. Qxe4 {The structure
favours White, but Black still has some practical chances on the kingside.} Rf6
22. Bc1 {A solid decision. The bishop wasn't so useful on b2, therefore Giri
tries to improve it.} (22. f4 $5 {was the aggressive reaction,} Re8 (22... Rh6
23. Re2 Rf6 24. Ref2 $14 {and White improves his rook position.}) (22... Raf8
23. Ref3 $36) 23. f5 Qh3 24. Qg2 Qxg2+ 25. Kxg2 $14 {followed by g4. White is
also very nice in this endgame.}) 22... Raf8 (22... Rh6 $1 {was more precise,}
23. h4 (23. Qg2 Bg5 $132) {and only now} 23... Rf8 24. Kg2 Rg6 {and the
h4-pawn is a weakness in White's kingside.}) 23. Rd3 $1 {Now Black can't play
Rh6.} Rg6 24. Rd5 Bh4 {Jobava takes under control the g3-square, however at
the moment there are no clear threats.} 25. Ba3 ({The engine suggests the
strange} 25. f4 {, but in a practical game this looks too dangerous.}) 25...
Be7 26. Bc1 Qh3 27. Be3 Qh5 {Black can only stand and hold his position.} 28.
a3 Rg4 (28... Bg5 $1 {was the more logical to exchanges the Bs.}) 29. Qg2 Qe8 (
29... Qf5 30. Nb4 $14) 30. Nb4 h5 $6 {An ambitious move, but this pawn will be
really weak.} ({He should just hold his position with} 30... Rg6 31. Qe4 $14 {
and White has a comfortable position, but still this is a long game.}) 31. c5
$1 {A well timed break-through.} Nxb4 (31... dxc5 $2 32. Nxc6 Qxc6 33. Rxe5 $18
{and now we can see the disadvantage of h5. White is winning.}) 32. axb4 Qg6
33. Rfd1 dxc5 34. Rxe5 {Not bad, but} (34. Rd7 $1 {was the strongest reply,}
Bf6 (34... Rf7 35. h3 Rxb4 36. Rxe7 $1 Rxe7 37. Bxc5 $18) 35. Bxc5 ({or} 35.
bxc5) 35... Rf7 36. Rxb7 $18 {and Black has no hope.}) 34... Bf6 35. Bxc5 ({
The computer suggests the smart} 35. Qf3 $5 $16 {and White is better.}) 35...
Bxe5 36. Bxf8 h4 ({Maybe} 36... Rd4 {was more accurate, but} 37. Re1 Qf7 $1 38.
Bc5 Rd8 39. Qe4 {and White's chances are better.}) 37. Be7 $6 {Unfortunately
the bishop from e7 doesn't protect the f2 P.} (37. Bc5 $1 {was correct and if
we compare to the text move} hxg3 $2 {is losing now, because of} 38. Rd8+ Kh7
39. Qh3+ Qh6 40. Qxg4 Qxh2+ 41. Kf1 $18 {and the f2-pawn is protected, so
there is no Qxf2 checkmate.}) 37... hxg3 38. Rd8+ Kh7 39. Qh3+ Qh6 40. Qxh6+
Kxh6 41. hxg3 {Now this endgame is slightly better for White, but it is far
from winning.} Re4 42. Rd7 b5 43. Bc5 Re1+ 44. Kg2 Ra1 45. Kf3 Kh7 46. Rd3 Bb2
47. Ke4 Ba3 48. Kd5 Rc1 49. Bd6 Rc8 50. Ke6 {White has completely activated
his king, but Black is solid; it is not easy to create weakness in his
position.} Kg6 $6 {An inaccuracy. This move allows White's strong reply.} (
50... Kg8 {was tougher.}) 51. f3 $6 {Of course this is not a bad move, but he
missed the dangerous} (51. Rd4 $1 {, for example} Bb2 52. Rg4+ Kh5 (52... Kh7
53. Kf7 Bf6 54. Be5 $1 Rc6 55. Rg6 $18) 53. Kf5 {and Black is in trouble.})
51... Rc6 52. Kd7 Rc2 53. Ke6 Rc6 54. Ke7 Rc2 55. g4 Re2+ 56. Kd7 Rc2 57. Ke6 {
Giri doesn't find a good way nor any weakness in Black's position.} Re2+ 58.
Kd5 Rc2 59. f4 Kf7 60. g5 Kg6 61. Ke6 Re2+ 62. Kd7 Re4 63. Be5 {The last trick.
} Bc1 $1 $11 {The correct reply.} ({The greedy} 63... Bxb4 $2 {loses to} 64.
Ke6 $1 Bf8 65. Rd7 $18 {followed by Rf7, so Black can resign.}) 64. Rf3 Kf5 65.
Bxg7 Bxf4 66. Kc6 Kxg5 67. Kd5 Kf5 68. Bh6 Rxb4 69. Kc5 Rxb3 1/2-1/2

[Event "Richardson UTD Fall op"]
[Site "Richardson"]
[Date "2014.11.23"]
[Round "5"]
[White "Girish, A Koushnik"]
[Black "Holt, Conrad"]
[Result "0-1"]
[WhiteElo "2412"]
[BlackElo "2559"]
[PlyCount "115"]
[EventDate "2014.11.21"]
[EventType "swiss"]
[EventRounds "9"]
[EventCountry "USA"]
[SourceTitle "CBM 163 Extra"]
[Source "ChessBase"]
[SourceDate "2014.12.23"]
[SourceVersion "1"]
[SourceVersionDate "2014.12.23"]
[SourceQuality "1"]

1. Nf3 d5 2. c4 c6 3. d4 Nf6 4. Nc3 dxc4 5. a4 Bf5 6. Ne5 Nbd7 7. Nxc4 Nb6 8.
Ne5 a5 9. e3 g6 10. Bd3 Bxd3 11. Nxd3 Bg7 12. O-O O-O 13. Qb3 Nfd7 14. f4 e6
15. Ne4 Qc7 16. Bd2 Nd5 17. Rac1 Rfd8 18. Ne5 f5 19. Ng5 Nf8 20. Kh1 Qe7 21.
Nh3 Ra7 22. Rc5 Rda8 23. Nf2 Nd7 24. Rcc1 Nxe5 25. dxe5 c5 26. e4 fxe4 27. Nxe4
b6 28. Qh3 Re8 29. Rf3 Qd7 30. b3 Rc7 31. Rd3 Qc6 32. Nd6 Ree7 33. Nb5 Rc8 34.
Qh4 Bf8 35. Nd6 Rcc7 36. Ne4 Rf7 37. Qg4 Be7 38. Nd6 Bxd6 39. Qxe6 Nxf4 40.
Bxf4 Qe4 41. exd6 Qxe6 42. dxc7 Rxf4 43. Rd8+ Rf8 44. Rf1 Re8 45. h3 Kg7 46.
Rfd1 Kh6 47. Rg1 Kg5 48. Rf1 Kh6 49. Rg1 Kh5 50. Rf1 Kh4 51. Rf4+ Kg5 52. Rf1
c4 53. bxc4 Qxc4 54. Rg1 Qc6 55. Rb1 Re2 56. Rd5+ Qxd5 57. Rb5 Qxb5 58. axb5
0-1

[Event "Richardson UTD Fall op"]
[Site "Richardson"]
[Date "2014.11.24"]
[Round "6"]
[White "Danelia, Mariam"]
[Black "Girish, A Koushnik"]
[Result "1/2-1/2"]
[WhiteElo "2228"]
[BlackElo "2412"]
[PlyCount "114"]
[EventDate "2014.11.21"]
[EventType "swiss"]
[EventRounds "9"]
[EventCountry "USA"]
[SourceTitle "CBM 163 Extra"]
[Source "ChessBase"]
[SourceDate "2014.12.23"]
[SourceVersion "1"]
[SourceVersionDate "2014.12.23"]
[SourceQuality "1"]

1. d4 e6 2. c4 b6 3. Nc3 Bb7 4. Qc2 f5 5. e3 Nf6 6. f3 Bb4 7. Bd3 O-O 8. Nge2
a6 9. O-O Qe8 10. b3 Nc6 11. Bb2 Bd6 12. a3 Qh5 13. g3 Ne7 14. e4 fxe4 15. Nxe4
Nf5 16. Qd2 Bxe4 17. Bxe4 Nxe4 18. fxe4 Nh6 19. e5 Be7 20. Nf4 Bg5 21. Qe2 Qxe2
22. Nxe2 Ng4 23. Nf4 Bxf4 24. Rxf4 Rxf4 25. gxf4 Rf8 26. Rf1 Rf5 27. h3 Nh6 28.
Kg2 Rh5 29. d5 Nf5 30. Bc1 Kf7 31. Rd1 Rh6 32. Rd3 Rg6+ 33. Kf2 Nh4 34. d6 Rg2+
35. Kf1 c5 36. Bd2 Rh2 37. Be1 Rh1+ 38. Ke2 Nf5 39. Bf2 Rb1 40. b4 cxb4 41.
axb4 Rxb4 42. Rc3 a5 43. Kd3 a4 44. Ra3 Rb2 45. Be1 Rh2 46. Rxa4 Rxh3+ 47. Kd2
Rf3 48. Ra7 Rxf4 49. Rxd7+ Ke8 50. Rb7 Rxc4 51. Bf2 Rc6 52. Bxb6 Nxd6 53. exd6
Rxd6+ 54. Ke3 Rd7 55. Rb8+ Kf7 56. Bd4 h6 57. Ke4 Re7 1/2-1/2

[Event "Richardson UTD Fall op"]
[Site "Richardson"]
[Date "2014.11.25"]
[Round "7"]
[White "Girish, A Koushnik"]
[Black "Gater, Daniel"]
[Result "1-0"]
[WhiteElo "2412"]
[BlackElo "2101"]
[PlyCount "63"]
[EventDate "2014.11.21"]
[EventType "swiss"]
[EventRounds "9"]
[EventCountry "USA"]
[SourceTitle "CBM 163 Extra"]
[Source "ChessBase"]
[SourceDate "2014.12.23"]
[SourceVersion "1"]
[SourceVersionDate "2014.12.23"]
[SourceQuality "1"]

1. Nf3 Nf6 2. c4 g6 3. g3 Bg7 4. Bg2 O-O 5. O-O d6 6. d4 Nc6 7. Nc3 a6 8. a3
Rb8 9. b4 e5 10. d5 Ne7 11. Bb2 Nd7 12. Rc1 f5 13. Ng5 Nb6 14. Qb3 Kh8 15. Ne6
Bxe6 16. dxe6 c6 17. e4 Qc8 18. c5 dxc5 19. bxc5 Na8 20. Rfd1 b6 21. Rd7 bxc5
22. Qc2 Re8 23. Na4 Nc7 24. Nxc5 fxe4 25. Bh3 Nb5 26. a4 Nd4 27. Bxd4 exd4 28.
Nxe4 a5 29. Nd6 Qa6 30. Nxe8 Rxe8 31. Qc5 Bf6 32. Bf1 1-0

[Event "Richardson UTD Fall op"]
[Site "Richardson"]
[Date "2014.11.25"]
[Round "8"]
[White "Drozdowski, Kacper"]
[Black "Girish, A Koushnik"]
[Result "1-0"]
[WhiteElo "2464"]
[BlackElo "2412"]
[PlyCount "91"]
[EventDate "2014.11.21"]
[EventType "swiss"]
[EventRounds "9"]
[EventCountry "USA"]
[SourceTitle "CBM 163 Extra"]
[Source "ChessBase"]
[SourceDate "2014.12.23"]
[SourceVersion "1"]
[SourceVersionDate "2014.12.23"]
[SourceQuality "1"]

1. d4 Nf6 2. Bg5 e6 3. Nd2 h6 4. Bh4 c5 5. e4 cxd4 6. e5 g5 7. Bg3 Nd5 8. Bc4
Nb6 9. Bd3 d5 10. h4 Nc6 11. Qh5 Nd7 12. Ngf3 g4 13. Nh2 Bg7 14. Nxg4 Nc5 15.
a3 Nxd3+ 16. cxd3 Ne7 17. Nf6+ Bxf6 18. exf6 Nc6 19. Be5 Rg8 20. O-O Rg6 21. f4
Bd7 22. Qe2 Nxe5 23. fxe5 Qb6 24. Nf3 O-O-O 25. Qd2 Rdg8 26. Rf2 Kb8 27. b4 Qa6
28. a4 Qc6 29. b5 Qc3 30. Qxc3 dxc3 31. d4 Rc8 32. Rc2 a6 33. bxa6 bxa6 34. Ra3
a5 35. Rb3+ Ka7 36. Rbxc3 Rxc3 37. Rxc3 Kb7 38. Ra3 Rg4 39. h5 Bc6 40. Kh2 Kc7
41. Kh3 Rf4 42. g3 Re4 43. g4 Bb7 44. g5 hxg5 45. Nxg5 Re1 46. Kh2 1-0